[Event "Olympiad Women-44"]
[Site "Chennai"]
[Date "2022.08.02"]
[Round "5.1"]
[White "Raharimanana, Faratiana"]
[Black "Jose Polanco, Kenia"]
[Result "0-1"]
[WhiteElo "1707"]
[BlackElo "1787"]
[PlyCount "101"]
[EventDate "2022.07.29"]
[EventType "team-swiss"]
[EventRounds "11"]
[EventCountry "IND"]
[SourceTitle "CBM 210"]
[Source "ChessBase"]
[SourceDate "2022.10.31"]
[SourceVersion "1"]
[SourceVersionDate "2022.10.31"]
[SourceQuality "1"]
[WhiteTeam "Madagascar (W)"]
[BlackTeam "Monaco (W)"]
[WhiteTeamCountry "MAD"]
[BlackTeamCountry "MNC"]

1. e4 c5 2. Nf3 g6 3. Bc4 Bg7 4. d4 cxd4 5. Nxd4 Nc6 6. c3 Nf6 7. Nd2 0-0 8. 0-0 Nxd4 9. cxd4 Nxe4 10. Bxf7+ Rxf7 11. Nxe4 h6 12. Be3 b6 13. Qd2 Bb7 14. Ng3 Kh7 15. Rac1 Rc8 16. Rxc8 Qxc8 17. Rc1 Qa8 18. f3 e6 19. Qd3 Bf8 20. Ne4 Qd8 21. Nf2 d6 22. Qd2 Bg7 23. Ng4 Qf8 24. Rc2 h5 25. Nf2 h4 26. Nh3 Bf6 27. Bg5 Rd7 28. Qf4 Bg7 29. Qxf8 Bxf8 30. Bxh4 Bh6 31. Bg5 Bg7 32. Be3 e5 33. dxe5 Bxe5 34. b3 d5 35. Rd2 Bc3 36. Rd3 d4 37. Bf2 Ba6 38. Rd1 Be2 39. Rb1 d3 40. Ng5+ Kg8 41. Ne4 Bg7 42. Be3 Rc7 43. Rc1 Rc2 44. Rxc2 dxc2 45. Bc1 Bd4+ 46. Kh1 Kf7 47. h4 Ke6 48. g4 Bxf3+ 49. Kh2 Bxe4 50. Kg3 Be5+ 51. Kf2 0-1

[Event "Olympiad Women-44"]
[Site "Chennai"]
[Date "2022.07.31"]
[Round "3.2"]
[White "Berke, Ana"]
[Black "Jose Polanco, Kenia"]
[Result "1-0"]
[WhiteElo "2163"]
[BlackElo "1787"]
[PlyCount "59"]
[EventDate "2022.07.29"]
[EventType "team-swiss"]
[EventRounds "11"]
[EventCountry "IND"]
[SourceTitle "CBM 210"]
[Source "ChessBase"]
[SourceDate "2022.10.31"]
[SourceVersion "1"]
[SourceVersionDate "2022.10.31"]
[SourceQuality "1"]
[WhiteTeam "Croatia (W)"]
[BlackTeam "Monaco (W)"]
[WhiteTeamCountry "CRO"]
[BlackTeamCountry "MNC"]

1. e4 e6 2. d4 d5 3. Nd2 Nf6 4. e5 Nfd7 5. c3 c5 6. Bd3 b6 7. Ne2 Ba6 8. Bxa6 Nxa6 9. Nf4 Qe7 10. 0-0 Nc7 11. c4 g5 12. cxd5 gxf4 13. d6 Qd8 14. dxc7 Qxc7 15. Nf3 cxd4 16. Bxf4 Bc5 17. Rc1 Qb7 18. Ng5 Ke7 19. Qh5 Raf8 20. Rfe1 Rhg8 21. Qh4 Ke8 22. Bg3 Be7 23. Ne4 Nxe5 24. Nf6+ Bxf6 25. Qxf6 Nc6 26. Qf3 Kd7 27. Red1 Rg5 28. Rxd4+ Rd5 29. Rxd5+ exd5 30. Qxd5+ 1-0

[Event "Francophonie-chT Rapid"]
[Site "Tornelo INT"]
[Date "2022.06.05"]
[Round "10.9"]
[White "Jose Polanco, Kenia"]
[Black "Bongo Ngombele, Tary"]
[Result "1-0"]
[WhiteElo "1787"]
[BlackElo "1688"]
[PlyCount "91"]
[EventDate "2022.06.04"]
[EventType "team-swiss (rapid)"]
[EventRounds "11"]
[EventCountry "FRA"]
[SourceTitle "CBM 208 Extra"]
[Source "ChessBase"]
[SourceDate "2022.07.31"]
[SourceVersion "1"]
[SourceVersionDate "2022.07.31"]
[SourceQuality "1"]
[WhiteTeam "Monaco"]
[BlackTeam "Gabun"]
[WhiteTeamCountry "MNC"]
[BlackTeamCountry "GAB"]

1. d4 d5 2. Bf4 Nf6 3. e3 Bf5 4. c4 c6 5. Qb3 Qd7 6. Nf3 Be6 7. Ne5 Qc8 8. Nc3 Nbd7 9. cxd5 Nxd5 10. Nxd5 Bxd5 11. Qc2 Nxe5 12. Bxe5 Be6 13. Bd3 h6 14. 0-0 Qd7 15. b4 a6 16. a4 b5 17. Rfc1 Rc8 18. Qb2 Bf5 19. Bxf5 Qxf5 20. axb5 axb5 21. Ra6 f6 22. Bg3 Qe4 23. Qa3 Qf5 24. Raxc6 Rd8 25. R6c5 Qd7 26. Qd3 e5 27. Qg6+ Ke7 28. Rc7 Rc8 29. Rxd7+ Kxd7 30. Rxc8 Kxc8 31. Qe8+ Kb7 32. Qxb5+ Kc8 33. dxe5 fxe5 34. Bxe5 Be7 35. Qb8+ Kd7 36. Qxh8 Bxb4 37. Qxg7+ Be7 38. Bf6 Kc6 39. Qxe7 Kb5 40. e4 Kc4 41. e5 Kd5 42. e6 Ke4 43. Qd7 Kf5 44. e7+ Kxf6 45. e8Q Kg5 46. Qe5+ 1-0

[Event "Francophonie-chT Rapid"]
[Site "Tornelo INT"]
[Date "2022.06.04"]
[Round "2.6"]
[White "Jose Polanco, Kenia"]
[Black "Aarush, Thakkar"]
[Result "0-1"]
[WhiteElo "1787"]
[BlackElo "1416"]
[PlyCount "168"]
[EventDate "2022.06.04"]
[EventType "team-swiss (rapid)"]
[EventRounds "11"]
[EventCountry "FRA"]
[SourceTitle "CBM 208 Extra"]
[Source "ChessBase"]
[SourceDate "2022.07.31"]
[SourceVersion "1"]
[SourceVersionDate "2022.07.31"]
[SourceQuality "1"]
[WhiteTeam "Monaco"]
[BlackTeam "Ghana II"]
[WhiteTeamCountry "MNC"]
[BlackTeamCountry "GHA"]

1. d4 f5 2. g3 Nf6 3. Bg2 h6 4. c4 d6 5. Nc3 e6 6. Nh3 g6 7. e4 fxe4 8. Nxe4 Bg7 9. Nf4 g5 10. Nxf6+ Qxf6 11. Qh5+ Kd7 12. Nd3 Rf8 13. Be3 Nc6 14. d5 exd5 15. cxd5 Ne5 16. Nxe5+ Qxe5 17. 0-0 Qxb2 18. Rab1 Qf6 19. Rbc1 b6 20. Rc2 Ba6 21. Bh3+ Kd8 22. Rfc1 Rf7 23. Be6 Re7 24. Bh3 Bd3 25. Rc6 Bf5 26. Bg2 Bd7 27. R6c4 Bf5 28. Qd1 Rc8 29. Qa4 a5 30. Qb3 Bd7 31. a4 Bf5 32. Bf1 Qb2 33. Qxb2 Bxb2 34. Rd1 Bf6 35. h4 gxh4 36. Bxh6 hxg3 37. fxg3 Kd7 38. g4 Be4 39. g5 Bb2 40. Bh3+ Kd8 41. Bxc8 Kxc8 42. Rf1 Bxd5 43. Rf8+ Kb7 44. Rg4 Ba3 45. g6 Bc5+ 46. Kh2 Re2+ 47. Kg3 Rg2+ 48. Kh4 Rh2+ 49. Kg5 Be3+ 50. Rff4 Bxf4+ 51. Rxf4 Kc6 52. g7 Be6 53. Rf8 Kc5 54. Kg6 Bc4 55. g8Q Rg2+ 56. Bg5 Bxg8 57. Rxg8 Rg4 58. Rc8 c6 59. Kf6 Rxa4 60. Be3+ Kb5 61. Ke6 d5 62. Kd6 Rc4 63. Ke5 a4 64. Rb8 c5 65. Kxd5 Rc3 66. Bh6 a3 67. Bg7 Rd3+ 68. Ke4 Rd7 69. Bh8 Ra7 70. Kd5 a2 71. Ba1 Ra3 72. Rh8 Rd3+ 73. Ke4 Rd1 74. Bf6 a1Q 75. Bxa1 Rxa1 76. Kd3 Ra3+ 77. Kc2 Kb4 78. Rb8 b5 79. Rc8 c4 80. Kb2 Rb3+ 81. Kc2 Rh3 82. Rb8 Rh2+ 83. Kc1 Kc3 84. Kb1 b4 0-1

[Event "Francophonie-chT Rapid"]
[Site "Tornelo INT"]
[Date "2022.06.04"]
[Round "3.5"]
[White "Tuzi, Bruna"]
[Black "Jose Polanco, Kenia"]
[Result "1-0"]
[WhiteElo "2030"]
[BlackElo "1787"]
[PlyCount "143"]
[EventDate "2022.06.04"]
[EventType "team-swiss (rapid)"]
[EventRounds "11"]
[EventCountry "FRA"]
[SourceTitle "CBM 208 Extra"]
[Source "ChessBase"]
[SourceDate "2022.07.31"]
[SourceVersion "1"]
[SourceVersionDate "2022.07.31"]
[SourceQuality "1"]
[WhiteTeam "Albania"]
[BlackTeam "Monaco"]
[WhiteTeamCountry "ALB"]
[BlackTeamCountry "MNC"]

1. e4 c5 2. Nf3 g6 3. d4 cxd4 4. Nxd4 Nf6 5. Nc3 d6 6. Be3 Bg7 7. Be2 0-0 8. 0-0 Nc6 9. Kh1 Bd7 10. Re1 Rc8 11. Nb3 a6 12. a4 Nb4 13. a5 Be6 14. Bb6 Qe8 15. Bf3 Nd7 16. Bd4 Ne5 17. Be2 Nbc6 18. Be3 Nb4 19. Ra4 Nbc6 20. Nd5 Nd7 21. c3 f5 22. Nf4 Bf7 23. exf5 gxf5 24. Nh5 Bh8 25. Bh6 Nf6 26. Nxf6+ Bxf6 27. Bxf8 Kxf8 28. Ra1 Ne5 29. Nd4 Qd7 30. Bd3 Bg6 31. f4 Ng4 32. Ne6+ Kg8 33. Qe2 Qc6 34. h3 Nh6 35. Rad1 Bh4 36. Rf1 Bf6 37. Bc2 Qe8 38. Bb3 Kh8 39. Nd4 Bh5 40. Nf3 Qc6 41. Be6 Rd8 42. Qd3 Bg6 43. Bd5 Qc7 44. Nd4 Rb8 45. Ne6 Qxa5 46. Qc4 b5 47. Qb3 b4 48. Ra1 Qb6 49. Qxb4 Qxb4 50. cxb4 Rxb4 51. Rxa6 Rb8 52. b3 Be8 53. Ra8 Rxa8 54. Bxa8 Kg8 55. Bd5 Bf7 56. Rc1 Bxe6 57. Bxe6+ Kf8 58. b4 Bd4 59. Rc7 Nf7 60. b5 Kg7 61. Rxe7 Kf6 62. Rxf7+ Kxe6 63. Rxh7 Kd5 64. Rf7 Ke4 65. g3 Kf3 66. Kh2 Bf2 67. Rxf5 Bxg3+ 68. Kg1 Bf2+ 69. Kf1 Bc5 70. h4 Kg4 71. Rxc5 dxc5 72. b6 1-0

[Event "EU-Cup Online Gr-D (Women)"]
[Site "Tornelo INT"]
[Date "2020.12.20"]
[Round "5.3"]
[White "Narva, Mai"]
[Black "Jose Polanco, Kenia"]
[Result "1-0"]
[WhiteElo "2276"]
[BlackElo "1828"]
[PlyCount "67"]
[EventDate "2020.12.19"]
[EventType "team-tourn (rapid)"]
[EventRounds "9"]
[EventCountry "ISS"]
[SourceTitle "CBM 199 Extra"]
[Source "ChessBase"]
[SourceDate "2021.01.31"]
[SourceVersion "1"]
[SourceVersionDate "2021.01.31"]
[SourceQuality "1"]
[WhiteTeam "Reval Sport (W)"]
[BlackTeam "Monte Carlo (W) III"]
[WhiteTeamCountry "EST"]
[BlackTeamCountry "MNC"]

1. e4 c5 2. Nf3 g6 3. c4 Bg7 4. d4 cxd4 5. Nxd4 Nc6 6. Be3 Nf6 7. Nc3 Ng4 8. Qxg4 Nxd4 9. Qd1 e5 10. Be2 0-0 11. 0-0 d6 12. Qd2 f5 13. exf5 Bxf5 14. Bxd4 exd4 15. Nb5 Qb6 16. Rad1 Rae8 17. Bf3 Be4 18. Bg4 Qc6 19. f3 Bf5 20. Bxf5 Rxf5 21. Nxd4 Qb6 22. Rf2 Rh5 23. Nb5 d5 24. Qd3 dxc4 25. Qxc4+ Kh8 26. Nd6 Rf8 27. Nf7+ Rxf7 28. Qxf7 Rf5 29. Qd7 Rf8 30. Qd6 Qb5 31. Rc2 Qa4 32. b3 Qa5 33. Rc7 Be5 34. Qxf8# 1-0

[Event "Olympiad Women-42"]
[Site "Baku"]
[Date "2016.09.12"]
[Round "10.2"]
[White "Jose Polanco, Kenia"]
[Black "Granados Diaz, Maria Esther"]
[Result "0-1"]
[WhiteElo "1923"]
[BlackElo "1831"]
[PlyCount "60"]
[EventDate "2016.09.02"]
[EventType "team-swiss"]
[EventRounds "11"]
[EventCountry "AZE"]
[SourceTitle "CBM 174 Extra"]
[Source "ChessBase"]
[SourceDate "2016.10.10"]
[SourceVersion "1"]
[SourceVersionDate "2016.10.10"]
[SourceQuality "1"]
[WhiteTeam "Dominican Republic (W)"]
[BlackTeam "Nicaragua (W)"]
[WhiteTeamCountry "DOM"]
[BlackTeamCountry "NCA"]

1. d4 Nf6 2. Nf3 g6 3. e3 Bg7 4. Be2 c5 5. dxc5 Qa5+ 6. Nbd2 Qxc5 7. a3 d6 8. c4 a5 9. Nd4 a4 10. b4 Qg5 11. Bf3 0-0 12. 0-0 e5 13. Nb5 e4 14. Bxe4 Qe5 15. Nc3 Qxc3 16. Rb1 Nxe4 17. Nxe4 Qxc4 18. Nxd6 Qc6 19. b5 Qd7 20. Nxc8 Rxc8 21. Bb2 Rc5 22. Bxg7 Kxg7 23. Qe2 Ra5 24. Rfd1 Qe8 25. Qb2+ Qe5 26. Qxe5+ Rxe5 27. Rd8 Rexb5 28. Rc1 Nc6 29. Rd7 Rb3 30. g3 Rab5 0-1

[Event "Olympiad Women-42"]
[Site "Baku"]
[Date "2016.09.10"]
[Round "8.2"]
[White "Lagutina, Olga"]
[Black "Jose Polanco, Kenia"]
[Result "0-1"]
[WhiteElo "1910"]
[BlackElo "1923"]
[PlyCount "106"]
[EventDate "2016.09.02"]
[EventType "team-swiss"]
[EventRounds "11"]
[EventCountry "AZE"]
[SourceTitle "CBM 174 Extra"]
[Source "ChessBase"]
[SourceDate "2016.10.10"]
[SourceVersion "1"]
[SourceVersionDate "2016.10.10"]
[SourceQuality "1"]
[WhiteTeam "ICCD (W)"]
[BlackTeam "Dominican Republic (W)"]
[BlackTeamCountry "DOM"]

1. d4 Nf6 2. c4 g6 3. Nc3 Bg7 4. e4 d6 5. Be2 Nbd7 6. h3 e5 7. d5 Nc5 8. Bf3 a5 9. Bg5 Bd7 10. Nge2 Rb8 11. Qd2 0-0 12. g4 Qe8 13. a4 Nb3 14. Qd1 Nxa1 15. Qxa1 c6 16. dxc6 bxc6 17. 0-0 Qe6 18. Qa2 Rb4 19. b3 Rfb8 20. Nc1 h5 21. Bxf6 Qxf6 22. Qe2 Bh6 23. N3a2 R4b7 24. Kg2 hxg4 25. hxg4 Bf4 26. Rh1 Kg7 27. Qe1 Qg5 28. Qd1 Qf6 29. Rh3 Rh8 30. Qe1 Rxh3 31. Kxh3 Qg5 32. Qd1 Qh5+ 33. Kg2 Qh2+ 34. Kf1 Qh3+ 35. Ke1 Be6 36. Nd3 Bg5 37. Nc3 Qh2 38. Ne2 Qh4 39. Ng3 Qh2 40. Ke2 Bh4 41. Nf1 Qg1 42. Ke1 f5 43. gxf5 gxf5 44. Kd2 fxe4 45. Bxe4 d5 46. Bf3 e4 47. Qe2 exd3 48. Qxe6 Qxf2+ 49. Be2 Qxe2+ 50. Qxe2 dxe2 51. Kxe2 dxc4 52. bxc4 Rb4 53. Ne3 Bg5 0-1

[Event "DOM-ch (Women)"]
[Site "Santo Domingo"]
[Date "2015.03.07"]
[Round "3"]
[White "Jose Polanco, Kenia"]
[Black "Moronta Ramos, Dianelva Altagracia"]
[Result "1-0"]
[WhiteElo "1889"]
[BlackElo "1694"]
[PlyCount "60"]
[EventDate "2015.03.06"]
[EventType "swiss"]
[EventRounds "8"]
[EventCountry "DOM"]
[SourceTitle "CBM 165 Extra"]
[Source "ChessBase"]
[SourceDate "2015.04.21"]
[SourceVersion "1"]
[SourceVersionDate "2015.04.21"]
[SourceQuality "1"]

1. d4 Nf6 2. Nf3 e6 3. e3 b6 4. Bd3 Bb7 5. Nbd2 d6 6. e4 Nbd7 7. 0-0 e5 8. Re1 h6 9. b3 g5 10. dxe5 dxe5 11. Bb2 Bd6 12. Nf1 Qe7 13. Ng3 0-0-0 14. Qe2 Ng8 15. Ba6 f6 16. a4 h5 17. a5 Nc5 18. Bxb7+ Kxb7 19. axb6 cxb6 20. b4 g4 21. bxc5 Bxc5 22. Qa6+ Kb8 23. Nh4 Rh7 24. Red1 Rxd1+ 25. Rxd1 Bxf2+ 26. Kxf2 Qc5+ 27. Kf1 Rc7 28. Rd8+ Rc8 29. Rxc8+ Qxc8 30. Qxc8+ Kxc8 1-0

[Event "Olympiad Women-41"]
[Site "Tromsoe"]
[Date "2014.08.12"]
[Round "10.1"]
[White "Jose Polanco, Kenia"]
[Black "Lopang, Tshepiso"]
[Result "1/2-1/2"]
[WhiteElo "1918"]
[BlackElo "1778"]
[PlyCount "60"]
[EventDate "2014.08.02"]
[EventType "team-swiss"]
[EventRounds "11"]
[EventCountry "NOR"]
[SourceTitle "CBM 162"]
[Source "ChessBase"]
[SourceDate "2014.09.17"]
[SourceVersion "1"]
[SourceVersionDate "2014.09.17"]
[SourceQuality "1"]
[WhiteTeam "Dominican Republic (W)"]
[BlackTeam "Botswana (W)"]
[WhiteTeamCountry "DOM"]
[BlackTeamCountry "BOT"]

1. d4 d5 2. Nf3 Nf6 3. e3 e6 4. Bd3 Be7 5. Nbd2 0-0 6. 0-0 Nbd7 7. b3 h6 8. Bb2 b6 9. e4 dxe4 10. Nxe4 Bb7 11. Qe2 Nxe4 12. Bxe4 Bxe4 13. Qxe4 Nf6 14. Qe2 Rc8 15. Rad1 c6 16. Rfe1 Qc7 17. c4 Rfe8 18. Qd2 Rcd8 19. Qc1 c5 20. dxc5 Qxc5 21. Rxd8 Rxd8 22. Rd1 Qc7 23. Rxd8+ Qxd8 24. Qd2 Qxd2 25. Nxd2 Nd7 26. Kf1 Kh7 27. Ke2 Kg6 28. Nf3 Bd6 29. h3 f6 30. Kd3 Kf7 1/2-1/2

[Event "Olympiad Women-41"]
[Site "Tromsoe"]
[Date "2014.08.04"]
[Round "3.2"]
[White "Maroroa, Sue Yuchan"]
[Black "Jose Polanco, Kenia"]
[Result "1-0"]
[WhiteElo "2120"]
[BlackElo "1918"]
[PlyCount "75"]
[EventDate "2014.08.02"]
[EventType "team-swiss"]
[EventRounds "11"]
[EventCountry "NOR"]
[SourceTitle "CBM 162"]
[Source "ChessBase"]
[SourceDate "2014.09.17"]
[SourceVersion "1"]
[SourceVersionDate "2014.09.17"]
[SourceQuality "1"]
[WhiteTeam "England (W)"]
[BlackTeam "Dominican Republic (W)"]
[WhiteTeamCountry "ENG"]
[BlackTeamCountry "DOM"]

1. e4 c5 2. Nf3 Nc6 3. Bb5 Nd4 4. Nxd4 cxd4 5. 0-0 Qa5 6. Qh5 Qb6 7. Bc4 g6 8. Qd5 e6 9. Qe5 f6 10. Qg3 Bd6 11. Qh3 Qc5 12. Na3 a6 13. Bd3 Bc7 14. c3 b6 15. b4 Qf8 16. Bb2 dxc3 17. Bxc3 e5 18. Rac1 Ne7 19. Bb2 Ra7 20. Qe3 h5 21. f4 exf4 22. Rxf4 Bxf4 23. Qxf4 Nc6 24. Nc4 Ra8 25. Bxf6 d6 26. Nxb6 Bb7 27. Nxa8 Bxa8 28. Bxa6 Kd7 29. Qg5 Qh6 30. b5 Nb4 31. Qxh6 Rxh6 32. Bc8+ Ke8 33. Be6 Bb7 34. Rc7 g5 35. Bd7+ Kf8 36. Bxg5 Rg6 37. h4 Bxe4 38. Rc4 1-0

[Event "Olympiad Women-40"]
[Site "Istanbul"]
[Date "2012.09.04"]
[Round "7.2"]
[White "Jose Polanco, Kenia"]
[Black "Ooft, Tesora"]
[Result "1/2-1/2"]
[WhiteElo "1954"]
[BlackElo "1716"]
[PlyCount "84"]
[EventDate "2012.08.28"]
[EventType "team-swiss"]
[EventRounds "11"]
[EventCountry "TUR"]
[SourceTitle "CBM 150 Extra"]
[Source "ChessBase"]
[SourceDate "2012.10.19"]
[SourceVersion "1"]
[SourceVersionDate "2012.10.19"]
[SourceQuality "1"]
[WhiteTeam "Dominican Rep (W)"]
[BlackTeam "Surinam (W)"]
[WhiteTeamCountry "DOM"]
[BlackTeamCountry "SUR"]

1. Nf3 c5 2. c4 e6 3. d4 d5 4. cxd5 Qxd5 5. Nc3 Qd8 6. e3 Nf6 7. Bc4 Be7 8. 0-0 0-0 9. b3 a6 10. Bb2 b5 11. Bd3 Bb7 12. Rc1 Nbd7 13. Bb1 Rc8 14. Qe2 Qb6 15. Rfd1 Rfd8 16. Ne5 Nf8 17. dxc5 Bxc5 18. Ng4 N8d7 19. Nxf6+ Nxf6 20. Rxd8+ Rxd8 21. Nd1 Be7 22. Be5 Rc8 23. Rxc8+ Bxc8 24. Bxf6 Bxf6 25. Qc2 Bd7 26. Qxh7+ Kf8 27. Qd3 Ke7 28. Nc3 Qc5 29. Ne2 Qb4 30. Qd1 Bc6 31. h3 Qc5 32. Nf4 Qg5 33. Qc1 Kd7 34. Qd2+ Kc7 35. g3 Qc5 36. Qc2 Qb4 37. Qc1 Bb2 38. Qd1 Qc5 39. Qc2 Qd6 40. Qd3 Qb4 41. Qd1 Qc5 42. Qc2 Qd6 1/2-1/2

[Event "Olympiad Women-40"]
[Site "Istanbul"]
[Date "2012.08.30"]
[Round "3.2"]
[White "Jose Polanco, Kenia"]
[Black "Milovic, Aleksandra"]
[Result "1/2-1/2"]
[WhiteElo "1954"]
[BlackElo "2181"]
[PlyCount "134"]
[EventDate "2012.08.28"]
[EventType "team-swiss"]
[EventRounds "11"]
[EventCountry "TUR"]
[SourceTitle "CBM 150 Extra"]
[Source "ChessBase"]
[SourceDate "2012.10.19"]
[SourceVersion "1"]
[SourceVersionDate "2012.10.19"]
[SourceQuality "1"]
[WhiteTeam "Dominican Rep (W)"]
[BlackTeam "Montenegro (W)"]
[WhiteTeamCountry "DOM"]
[BlackTeamCountry "MNE"]

1. Nf3 Nf6 2. g3 c5 3. d4 cxd4 4. Nxd4 e5 5. Nb3 Be7 6. Bg2 Nc6 7. c4 d6 8. Nc3 Be6 9. Nd5 Bxd5 10. cxd5 Nb4 11. a3 Na6 12. e4 0-0 13. 0-0 Nd7 14. Nd2 Rc8 15. Bh3 Rc7 16. f4 exf4 17. gxf4 Bf6 18. Kh1 Re8 19. Qf3 Nb6 20. Rb1 Nc4 21. b4 Nxa3 22. Qxa3 Bc3 23. b5 Bxd2 24. Bxd2 Nc5 25. Bf5 g6 26. Rg1 Nxe4 27. Bxe4 Rxe4 28. Qf3 Rd4 29. Bc3 Rdc4 30. Ba1 Qh4 31. Rbe1 Kf8 32. Qe2 Re7 33. Qxc4 Rxe1 34. Qc8+ Ke7 35. Bf6+ Kxf6 36. Qd8+ Re7 37. Qh8+ Kf5 38. Qc8+ Ke4 39. Qc4+ Kf3 40. Rg3+ Qxg3 41. hxg3 Kxg3 42. Qc3+ Kf2 43. Qf6 Rd7 44. Kh2 Ke3 45. Qh8 Kxf4 46. Qe8 Rc7 47. Qb8 Rc2+ 48. Kg1 Ke5 49. Qxb7 Rc5 50. Qxf7 h5 51. Qe6+ Kd4 52. Qxd6 Rxb5 53. Qxg6 Rxd5 54. Qg7+ Ke4 55. Qxa7 Rg5+ 56. Kf2 Kf5 57. Kf3 Rg4 58. Qh7+ Kg5 59. Qf7 Kh6 60. Qf8+ Kg5 61. Qe7+ Kg6 62. Qe6+ Kg5 63. Qe5+ Kg6 64. Qe8+ Kg5 65. Qe5+ Kg6 66. Qh2 Kg5 67. Qd2+ Kg6 1/2-1/2

[Event "Olympiad Women-39"]
[Site "Khanty-Mansiysk"]
[Date "2010.09.30"]
[Round "9.42"]
[White "Jose Polanco, Kenia"]
[Black "Sultana, Sharmin Shirin"]
[Result "0-1"]
[WhiteElo "1997"]
[BlackElo "1984"]
[PlyCount "120"]
[EventDate "2010.09.21"]
[EventType "team-swiss"]
[EventRounds "11"]
[EventCountry "RUS"]
[SourceTitle "CBM 139"]
[Source "ChessBase"]
[SourceDate "2010.11.18"]
[SourceVersion "1"]
[SourceVersionDate "2010.11.18"]
[SourceQuality "1"]
[WhiteTeam "Dominican Rep (W)"]
[BlackTeam "Bangladesh (W)"]
[WhiteTeamCountry "DOM"]
[BlackTeamCountry "BAN"]

1. d4 d5 2. Nf3 Nf6 3. h3 Bf5 4. Bf4 e6 5. e3 Bd6 6. Ne5 Nfd7 7. Nf3 Bxf4 8. exf4 c5 9. Bd3 Qf6 10. Bxf5 Qxf5 11. Qd2 cxd4 12. Nxd4 Qe4+ 13. Kf1 Nc6 14. Nb5 0-0 15. N1c3 Qc4+ 16. Qe2 Qxf4 17. Rd1 a6 18. Na3 b5 19. Nab1 Nf6 20. Qd2 Qc7 21. Qe2 b4 22. Na4 Qa5 23. b3 e5 24. Nd2 e4 25. Qe3 d4 26. Qf4 e3 27. fxe3 Nd5 28. Nc4 Qb5 29. Qf3 Nxe3+ 30. Kg1 Nxc4 31. bxc4 Qxa4 32. Kh2 Rae8 33. Rhf1 Ne5 34. Qd5 Qc6 35. Rxd4 Qxd5 36. cxd5 Rd8 37. Rf5 f6 38. Rf2 a5 39. a3 Rb8 40. d6 Rfd8 41. Rfd2 Kf7 42. Rd1 Rb6 43. axb4 axb4 44. Rb1 Rdxd6 45. Rxd6 Rxd6 46. Rxb4 Rc6 47. Rb2 Rc3 48. h4 h5 49. Kg1 Ng4 50. Rb5 Kg6 51. Rb2 Ne3 52. Rb3 Nd1 53. Rxc3 Nxc3 54. Kf2 Kf5 55. Ke3 Kg4 56. Kd4 Nb5+ 57. Kc5 Na3 58. c3 Kxh4 59. Kb4 Nc2+ 60. Kb3 Ne3 0-1

[Event "Olympiad Women-39"]
[Site "Khanty-Mansiysk"]
[Date "2010.09.28"]
[Round "7.35"]
[White "Giulian Jackson, Rosemary"]
[Black "Jose Polanco, Kenia"]
[Result "1/2-1/2"]
[WhiteElo "1990"]
[BlackElo "1997"]
[PlyCount "54"]
[EventDate "2010.09.21"]
[EventType "team-swiss"]
[EventRounds "11"]
[EventCountry "RUS"]
[SourceTitle "CBM 139"]
[Source "ChessBase"]
[SourceDate "2010.11.18"]
[SourceVersion "1"]
[SourceVersionDate "2010.11.18"]
[SourceQuality "1"]
[WhiteTeam "Scotland (W)"]
[BlackTeam "Dominican Rep (W)"]
[WhiteTeamCountry "SCO"]
[BlackTeamCountry "DOM"]

1. e4 e6 2. d4 d5 3. Nd2 dxe4 4. Nxe4 Nd7 5. Nf3 Ngf6 6. Nxf6+ Nxf6 7. Be3 Bd6 8. Bd3 Qe7 9. Qd2 Ng4 10. 0-0-0 Bd7 11. h3 Nxe3 12. fxe3 0-0-0 13. Rhf1 f6 14. e4 Qe8 15. e5 Be7 16. Kb1 Bc6 17. c3 fxe5 18. Nxe5 Bf6 19. Nxc6 Qxc6 20. Qe2 Rd6 21. Qf3 Qxf3 22. Rxf3 e5 23. dxe5 Bxe5 24. Bf5+ Kb8 25. Rxd6 Bxd6 26. Bd3 h6 27. Kc2 Be5 1/2-1/2